Normal view
MARC view
Entry Personal Name
001 - CONTROL NUMBER
- control field: 57305
003 - CONTROL NUMBER IDENTIFIER
- control field:
005 - DATE AND TIME OF LATEST TRANSACTION
- control field: 20240723105930.0
008 - FIXED-LENGTH DATA ELEMENTS
- fixed length control field: 240723|| aca||aabn | a|a d
040 ## - CATALOGING SOURCE
- Original cataloging agency:
- Transcribing agency:
100 ## - HEADING--PERSONAL NAME
- Personal name: RAJI, Rasheedah
670 ## - SOURCE DATA FOUND
- Source citation: Work cat.: ()30603: RAJI, Rasheedah aut, I remember your smile /, 2023
